Football en 20 GIFS #5 - Qui marque le but ? - Statistiques

Statistiques générales
  • Ce quiz a été pris 73 fois
  • Le résultat moyen est 13 sur 20
Statistiques - réponses
Hint Réponse % Correct
Zlatan Ibrahimović
85%
Miroslav Klose
83%
Nampalys Mendy
81%
Ibrahim Sangaré
78%
Philipp Lahm
76%
Roberto Baggio
74%
Siphiwe Tshabalala
74%
Islam Slimani
72%
Raphael Guerreiro
72%
Gabriel Batistuta
69%
Kalidou Koulibaly
69%
Christian Vieri
65%
Mustapha Hadji
65%
Brian Laudrup
57%
Florin Răducioiu
57%
Fredy Guarín
57%
Sam Kerr
54%
Gheorghe Hagi
50%
Gaizka Mendieta
39%
Phillip Cocu
37%
Aucun quiz correspondant
Distribution des résultats
% des personnes avec chaque résultat
Percentile par nombre de réponses
Votre historique - résultats
Vous n’avez pas pris ce quiz